A magyarországi családi vállalkozások pénzügyi dinamikájának vizsgálata eltérő makrogazdasági időszakok tükrében

Bibliographic Details
Main Author: Baracsi Áron Lajos
Other Authors: Denich dr. Ervin
Hegedűs Dr. Szilárd
Format: Students’ Scientific Association paper
Kulcsszavak:családi vállalkozás
gazdasági ciklus
iparági versenytárs
pénzügyi menedzsment
pénzügyi mutatók
Online Access:http://dolgozattar.uni-bge.hu/60405

MARC

LEADER 00000nta a2200000 i 4500
001 dolg60405
005 20260416073634.0
008 260416suuuu hu o 000 hun d
040 |a BGE Dolgozattár Repozitórium  |b hun 
041 |a hu 
100 1 |a Baracsi Áron Lajos 
245 1 2 |a A magyarországi családi vállalkozások pénzügyi dinamikájának vizsgálata eltérő makrogazdasági időszakok tükrében  |c Baracsi Áron Lajos  |h [elektronikus dokumentum] 
516 |a Students_Scientific_Association_paper 
520 3 |a Jelen kutatás célja a magyarországi családi kis- és középvállalkozások pénzügyi teljesítményének, pénzügyi menedzsment sajátosságainak vizsgálata, illetve összehasonlítása a nem családi közvetlen iparági versenytársak teljesítményével, gyakorlataival két eltérő makrogazdasági szakaszban: a növekedéssel jellemezhető 2016 és 2019 közötti, illetve a külső sokkokkal terhelt 2020 és 2023 közötti időszakban. A kvantitatív elemzések alapját egy 1062 vállalkozásból álló adatbázis képezte (531 családi minta és 531 kontrollminta vállalkozás), amelynek kialakítása az ORBIS, EMIS és OPTEN vállalati lekérdező rendszereire, valamint célzott megkeresésekre épült. A kialakított mintaszerkezetek visszatükrözik a KSH méret-, jogi forma-, székhely- és ágazati megoszlásai, időszaki megoszlásainak átlagát a reprezentativitás erősítésének érdekében. A pénzügyi menedzsment sajátosságok feltárásához egy kiegészítő online kérdőív került alkalmazásra (kvalitatív megközelítés). Az adatelemzésekhez IBM SPSS és az Amszterdami Egyetem JASP elemző szoftverei nyújtottak segítséget. Az adatfeltáró és következtető empirikus elemzések során leíró statisztikák, független és párosított nemparaméteres próbák, hatásméretek, megbízhatósági mutatók, továbbá főkomponens- és klaszteranalízisek kerültek felhasználásra. Az elemzések eredményei szerint a vizsgált időszakokban nem mutatkozott tartós és szignifikáns különbség a családi és nem családi vállalkozások dinamikus pénzügyi teljesítménymutatói között. Ugyanakkor a pénzügyi menedzsment több dimenziójában szignifikáns eltérések jelentek meg: a tervezési gyakorlatokban, a finanszírozási források és preferenciák terén, valamint a pénzügyi befektetési eszközök használatában. A likviditáskezelés területén részleges különbségek voltak azonosíthatók, azonban a beruházási attitűd esetében nem igazolódott következetes eltérés. A faktor- és klaszteranalízisek eredményei alapján a családi vállalkozások konzervatív, likviditási óvatosságot és erős tulajdonosi kontrollt preferáló profillal jellemezhetők, míg a nem családi vállalkozások inkább kiegyensúlyozottabb, részben fejlesztésorientált és rugalmasabb működési mintákat mutatnak. Összességében megállapítható, hogy a családi tulajdon, identitás és kontroll nem társul következetesen jobb vagy gyengébb pénzügyi teljesítménnyel, ugyanakkor markáns eltéréseket eredményez a pénzügyi menedzsment gyakorlatokban, különösen a tervezés, a finanszírozás, a likviditáskezelés és a befektetési döntések területén. 
695 |a családi vállalkozás 
695 |a gazdasági ciklus 
695 |a iparági versenytárs 
695 |a pénzügyi menedzsment 
695 |a pénzügyi mutatók 
700 1 |a Denich dr. Ervin  |e ths 
700 1 |a Hegedűs Dr. Szilárd  |e ths 
856 4 0 |u http://dolgozattar.uni-bge.hu/60405/1/Baracsi%20%C3%81ron%20Lajos_TDK.pdf  |z Dokumentum-elérés 
856 4 0 |u http://dolgozattar.uni-bge.hu/60405/2/Nyilatkozat.pdf  |z Dokumentum-elérés 
856 4 0 |u http://dolgozattar.uni-bge.hu/60405/3/Nyilatkozat.pdf  |z Dokumentum-elérés 
856 4 0 |u http://dolgozattar.uni-bge.hu/60405/4/Baracsi_%C3%81ron_Lajos_PSZK.pdf  |z Dokumentum-elérés 
856 4 0 |u http://dolgozattar.uni-bge.hu/60405/5/Baracsi%20%C3%81ron.pdf  |z Dokumentum-elérés 
856 4 0 |u http://dolgozattar.uni-bge.hu/60405/6/05_Dolgozat_biralati_lap_2025_HU_%C3%9AJ_LOGO_Baracsi_%C3%81ron_Lajos.pdf  |z Dokumentum-elérés